Forensic Laws with DNA and Forensic Science Reports/ (Record no. 612983)
[ view plain ]
| 000 -LEADER | |
|---|---|
| fixed length control field | 00369nam a22001337a 4500 |
| 082 ## - DEWEY DECIMAL CLASSIFICATION NUMBER | |
| Classification number | 346.7305 |
| Author Mark | KHU |
| 100 ## - MAIN ENTRY--PERSONAL NAME | |
| Personal name | Khurram, Muhammad |
| 245 ## - TITLE STATEMENT | |
| Title | Forensic Laws with DNA and Forensic Science Reports/ |
| Statement of responsibility, etc. | Muhammad Khurram. |
| 260 ## - PUBLICATION, DISTRIBUTION, ETC. | |
| Place of publication, distribution, etc. | Lahore: |
| Name of publisher, distributor, etc. | AL-HAQ Law Book Centre. |
| 300 ## - PHYSICAL DESCRIPTION | |
| Extent | 744p. ; |
| Dimensions | 24cm. |
| 563 ## - BINDING INFORMATION | |
| Binding note | HB |
| 650 ## - SUBJECT ADDED ENTRY--TOPICAL TERM | |
| Topical term or geographic name entry element | Law |
| 942 ## - ADDED ENTRY ELEMENTS (KOHA) | |
| Source of classification or shelving scheme | |
| Koha item type | Book |
| 650 ## - SUBJECT ADDED ENTRY--TOPICAL TERM | |
| -- | 35302 |
| Withdrawn status | Lost status | Source of classification or shelving scheme | Damaged status | Not for loan | Permanent Location | Current Location | Date acquired | Total Checkouts | Full call number | Barcode | Date last seen | Price effective from | Koha item type |
|---|---|---|---|---|---|---|---|---|---|---|---|---|---|
| NUST Law School (NLS) | NUST Law School (NLS) | 02/27/2025 | 346.7305 KHU | NLS-115 | 02/27/2025 | 02/27/2025 | Book | ||||||
| NUST Law School (NLS) | NUST Law School (NLS) | 02/27/2025 | 346.7305 KHU | NLS-116 | 02/27/2025 | 02/27/2025 | Book | ||||||
| NUST Law School (NLS) | NUST Law School (NLS) | 02/27/2025 | 346.7305 KHU | NLS-117 | 02/27/2025 | 02/27/2025 | Book | ||||||
| NUST Law School (NLS) | NUST Law School (NLS) | 06/25/2025 | 346.7305 KHU | NLS-1727 | 06/25/2025 | 06/25/2025 | Book | ||||||
| NUST Law School (NLS) | NUST Law School (NLS) | 06/25/2025 | 346.7305 KHU | NLS-1728 | 06/25/2025 | 06/25/2025 | Book | ||||||
| NUST Law School (NLS) | NUST Law School (NLS) | 06/25/2025 | 346.7305 KHU | NLS-1729 | 06/25/2025 | 06/25/2025 | Book |
